00310nam a2200133Ia 4500003000400000005001700004008004100021020001500062040000900077100001700086245004300103260002100146260000900167OSt20240208121433.0170524s9999 xx 000 0 und d a8182040280 cIIMT aBagchi- S.N. 0aText book of food and beverage service bAman Publication c2004